<?xml version="1.0" encoding="UTF-8"?><?xml-stylesheet type="text/xsl" href="static/style.xsl"?><OAI-PMH xmlns="http://www.openarchives.org/OAI/2.0/" xmlns:xsi="http://www.w3.org/2001/XMLSchema-instance" xsi:schemaLocation="http://www.openarchives.org/OAI/2.0/ http://www.openarchives.org/OAI/2.0/OAI-PMH.xsd"><responseDate>2026-04-14T19:30:01Z</responseDate><request verb="GetRecord" identifier="oai:uvadoc.uva.es:10324/6565" metadataPrefix="marc">https://uvadoc.uva.es/oai/request</request><GetRecord><record><header><identifier>oai:uvadoc.uva.es:10324/6565</identifier><datestamp>2021-06-18T10:26:47Z</datestamp><setSpec>com_10324_38</setSpec><setSpec>col_10324_787</setSpec></header><metadata><record xmlns="http://www.loc.gov/MARC21/slim" xmlns:doc="http://www.lyncode.com/xoai" xmlns:xsi="http://www.w3.org/2001/XMLSchema-instance" xmlns:dcterms="http://purl.org/dc/terms/" xsi:schemaLocation="http://www.loc.gov/MARC21/slim http://www.loc.gov/standards/marcxml/schema/MARC21slim.xsd">
<leader>00925njm 22002777a 4500</leader>
<datafield tag="042" ind1=" " ind2=" ">
<subfield code="a">dc</subfield>
</datafield>
<datafield tag="720" ind1=" " ind2=" ">
<subfield code="a">Rebollo Usunariz, Gabriel</subfield>
<subfield code="e">author</subfield>
</datafield>
<datafield tag="260" ind1=" " ind2=" ">
<subfield code="c">2014</subfield>
</datafield>
<datafield tag="520" ind1=" " ind2=" ">
<subfield code="a">Este Trabajo Final de Master (TFM) es un plan tecnico cinegetico que desarrolla mejoras para el coto privado de caza de Alaejos.&#xd;
Tras el paso de algún tiempo es preciso en este momento acometer una serie de mejoras debido al continuo descenso de los niveles poblacionales de la fauna cinegética de estos terrenos eminentemente agrícolas. &#xd;
Los objetivos del presente plan de mejoras son: el aumento de los niveles poblacionales de las diversas especies cinegeticas, la preservacion genetica de las especies presentes en el coto, la mejora de la calidad paisajistica del entonrno de Alaejos, y dar proteccion a las laderas de los montes del acotado. Con todo ello obtener un coto de referencia en la comarca como consecuencia de un correcto mantenimiento y de una activa particpacion de sus socios que genere beneficios ambientales en el entorno natural de Alaejos.&#xd;
Para alcanzar estos objetivos se plantean repoblaciones forestales con arbustivas, siembras dedicadas para la caza, instalacion de comederos y bebederos, guarderia, y actividades medioambientales entre otras.</subfield>
</datafield>
<datafield tag="024" ind2=" " ind1="8">
<subfield code="a">http://uvadoc.uva.es/handle/10324/6565</subfield>
</datafield>
<datafield ind1=" " ind2=" " tag="653">
<subfield code="a">Cotos de caza-España-Valladolid</subfield>
</datafield>
<datafield tag="245" ind1="0" ind2="0">
<subfield code="a">Plan de Mejoras del Coto Privado de Caza VA-10242 de Alaejos (Valladolid)</subfield>
</datafield>
</record></metadata></record></GetRecord></OAI-PMH>